| 000 | 01418nam a2200253Ii 4500 | ||
|---|---|---|---|
| 008 | 221202s xx 000 0 und d | ||
| 100 | 1 |
_aRosa Mendes, Pedro, _eauthor |
|
| 245 | 0 | _aBusiness and Security Sector Reform | |
| 246 | _aThe Case for Corporate Security Responsibility | ||
| 264 | 1 |
_aLondon _bUbiquity Press _c2015 |
|
| 300 | _a1 online resource (49 pages) | ||
| 336 |
_atext _btxt _2rdacontent |
||
| 337 |
_acomputer _bc _2rdamedia |
||
| 338 |
_aonline resource _bcr _2rdacarrier |
||
| 490 |
_aSSR Papers _v13 |
||
| 520 | _aChallenges to security and human rights involving extractive and other industries are addressed in a framework known as business and human rights (BHR), which shares many challenges and goals with SSR. This paper describes the grounds where BHR and SSR coincide in principles, actors and activities and which synergies can be built on that base. Opportunities for bridging BHR and SSR are drawn from a systematic comparison of case studies on Guinea, Colombia and Papua New Guinea. BHR and SSR should ideally cohere instead of collide. | ||
| 653 | _aBusiness | ||
| 653 | _aGood Governance | ||
| 653 | _aHuman Rights | ||
| 653 | _aRisk Assessment | ||
| 653 | _aSecurity Sector Reform | ||
| 856 |
_uhttps://docs.google.com/spreadsheets/d/1yKIrdCPDAG_9c22mwoOIO2DOhtj65Wqa/edit?usp=sharing&ouid=106555315294820607512&rtpof=true&sd=true _yList of Curated E-Books |
||
| 942 | _cE-BOOK | ||
| 999 |
_c92158 _d92155 |
||